000 00566nam a2200181 a 4500
001 000023084
005 20240529114208.0
008 101126s1969 fr r 000 0 spa d
040 _aDO-SdBNP
_bspa
_cBNPHU
082 _axxxxx
_bA396s
245 0 0 _aAlgunas sugestiones sobre la enseñanza acerca de los derechos humanos.
260 _aParís :
_bOrganización de las Naciones Unidas,
_c1969.
300 _a165 p. ;
_c20 cm.
500 _aIncluye notas al pie de las páginas.
590 _aInventariado, 2019/VM
710 2 _aUnesco
_919805
049 _aEn proceso
999 _c22581
_d22581